[Event "Annex CC Sub-Zero Swiss"]
[Site "Toronto CAN"]
[Date "2016.12.05"]
[Round "5"]
[White "Li, William"]
[Black "England, Max"]
[Result "1-0"]
[WhiteElo "2155"]
[BlackElo "2024"]
[PlyCount "123"]
[EventDate "2016.11.07"]
[EventType "swiss"]
[EventRounds "5"]
[EventCountry "CAN"]

1. e4 e5 2. Nf3 Nc6 3. d4 exd4 4. Bc4 Bc5 5. c3 Nf6 6. e5 d5 7. Bb5 Ne4 8. cxd4
Bb4+ 9. Bd2 Bxd2+ 10. Nbxd2 O-O 11. O-O Ne7 12. Bd3 Nxd2 13. Qxd2 Bf5 14. Rfe1
Qd7 15. Bxf5 Nxf5 16. Qf4 Ne7 17. g4 Ng6 18. Qg3 Rae8 19. h4 f5 20. exf6 Rxf6
21. Ne5 Nxe5 22. dxe5 Rg6 23. f3 h5 24. g5 Qf5 25. Rad1 c6 26. Rd2 Rge6 27. f4
Rf8 28. Rf2 d4 29. Kh2 g6 30. Qh3 Qf7 31. Qd3 c5 32. Qe4 Qf5 33. Qxf5 Rxf5 34.
Kg3 Kf8 35. Kf3 Ke7 36. Rc2 Rc6 37. Rec1 b6 38. b4 Rf8 39. bxc5 Rfc8 40. Ke4
Rxc5 41. Rxc5 bxc5 42. Rb1 Rc7 43. Kd5 Kd7 44. a4 Ke7 45. a5 Kd7 46. a6 d3 47.
Kc4 d2 48. Rd1 Ke6 49. Rxd2 Kf5 50. Re2 Rc6 51. e6 Rxe6 52. Rxe6 Kxe6 53. Kxc5
Kf5 54. Kc6 Kg4 55. Kb7 Kxh4 56. Kxa7 Kg4 57. Kb6 Kxf4 58. a7 Kxg5 59. a8=Q h4
60. Qg2+ Kf4 61. Qxg6 h3 62. Qg1 1-0

[Event "Annex CC Summer Swiss"]
[Site "Toronto CAN"]
[Date "2016.06.27"]
[Round "1"]
[White "Belcadi, Salim"]
[Black "Chen, Harry (Siqi)"]
[Result "0-1"]
[WhiteElo "1309"]
[BlackElo "1529"]
[PlyCount "80"]
[EventDate "2016.06.27"]
[EventType "swiss"]
[EventRounds "5"]
[EventCountry "CAN"]

1. d4 d5 2. e4 dxe4 3. Nc3 Nf6 4. f3 Nc6 5. Bb5 a6 6. Bxc6+ bxc6 7. fxe4 Bb7 8.
Nf3 e6 9. O-O c5 10. Bg5 cxd4 11. Bxf6 gxf6 12. Ne2 c5 13. Ng3 Bg7 14. Nh5 O-O
15. Nd2 Kh8 16. Rf3 f5 17. Nxg7 Kxg7 18. Rg3+ Kh8 19. Qh5 Qf6 20. Nf3 Bxe4 21.
Ng5 Qg6 22. Qh4 Bxc2 23. Ne4 fxe4 24. Rxg6 fxg6 25. Qe7 Rac8 26. Rf1 Rf5 27. g4
Rxf1+ 28. Kxf1 Bd3+ 29. Ke1 Bc4 30. b3 Bd5 31. g5 e3 32. Ke2 Kg8 33. Qf6 Rf8
34. Qe5 Rf2+ 35. Ke1 Rf5 36. Qb8+ Rf8 37. Qe5 h6 38. gxh6 Rf7 39. b4 Bc4 40.
bxc5 Rf1# 0-1

[Event "Annex CC Summer Swiss"]
[Site "Toronto CAN"]
[Date "2016.07.04"]
[Round "2"]
[White "Vigneswaramoorthy, Vinorth"]
[Black "Southam, David"]
[Result "0-1"]
[WhiteElo "1606"]
[BlackElo "2207"]
[PlyCount "45"]
[EventDate "2016.06.27"]
[EventType "swiss"]
[EventRounds "5"]
[EventCountry "CAN"]

1. e4 e6 2. d4 d5 3. Nc3 Bb4 4. e5 c5 5. Qg4 Ne7 6. Qxg7 Rg8 7. Qxh7 cxd4 8. a3
Bxc3+ 9. bxc3 Qc7 10. Ne2 Nbc6 11. f4 Bd7 12. Bd2 dxc3 13. Nxc3 a6 14. h4 O-O-O
15. Qd3 Na5 16. h5 Nf5 17. h6 Rg3 18. Nxd5 exd5 19. Qxd5 Bb5 20. Bxa5 Qxa5+ 21.
Kf2 Qb6+ 22. Ke1 Qe3+ 23. Be2 0-1

[Event "Annex CC Summer Swiss"]
[Site "Toronto CAN"]
[Date "2016.07.11"]
[Round "3"]
[White "Southam, David"]
[Black "Li, William"]
[Result "1-0"]
[WhiteElo "2207"]
[BlackElo "2075"]
[PlyCount "135"]
[EventDate "2016.06.27"]
[EventType "swiss"]
[EventRounds "5"]
[EventCountry "CAN"]

1. d4 Nf6 2. c4 e6 3. Nc3 Bb4 4. e3 O-O 5. Nge2 d5 6. a3 Bxc3+ 7. Nxc3 b6 8.
Bd3 Bb7 9. O-O Nbd7 10. cxd5 exd5 11. b4 Ne4 12. Bb2 f5 13. f3 Nxc3 14. Bxc3 g6
15. Rc1 Nf6 16. Qb3 Kh8 17. Rc2 Re8 18. Bd2 a6 19. Rfc1 c6 20. Bf1 Qd6 21. Be1
Nh5 22. g3 Nf6 23. Qd3 b5 24. Rg2 Qe6 25. Bd2 g5 26. Qc2 g4 27. Bd3 Bc8 28.
fxg4 fxg4 29. Qxc6 Qxc6 30. Rxc6 Ne4 31. Bxe4 Rxe4 32. Rf2 Be6 33. Rf6 Bg8 34.
Rxa6 Rxa6 35. Rxa6 Re6 36. Ra7 Rc6 37. Kf2 Rh6 38. Kg2 Rc6 39. Kf2 Rh6 40. Kg2
Rc6 41. e4 dxe4 42. Bf4 Bd5 43. Rd7 Bb3 44. d5 Rc8 45. Kf2 Kg8 46. Ke3 Bc2 47.
Be5 h5 48. Rg7+ Kf8 49. Rh7 Re8 50. Rxh5 Kf7 51. Rg5 Rg8 52. Rf5+ Ke7 53. Rh5
Kf7 54. Rh7+ Kg6 55. Rc7 Bd3 56. d6 Kf5 57. Bf4 Rd8 58. Rc5+ Ke6 59. Rg5 Rd7
60. Rxg4 Rf7 61. Rg5 Kd7 62. h4 Bc4 63. Kxe4 Rf8 64. h5 Re8+ 65. Be5 Bb3 66. h6
Bc2+ 67. Kd5 Bd3 68. Rg7+ 1-0

[Event "Annex CC Summer Swiss"]
[Site "Toronto CAN"]
[Date "2016.07.18"]
[Round "4"]
[White "Calvelo, Jelvis"]
[Black "Southam, David"]
[Result "1/2-1/2"]
[WhiteElo "2080"]
[BlackElo "2207"]
[PlyCount "186"]
[EventDate "2016.06.27"]
[EventType "swiss"]
[EventRounds "5"]
[EventCountry "CAN"]

1. e4 e6 2. d4 d5 3. e5 c5 4. c3 Nc6 5. a3 c4 6. g3 Bd7 7. Bg2 Na5 8. Nd2 Bc6
9. Qh5 Qc7 10. Ngf3 O-O-O 11. O-O Be8 12. Qh3 Ba4 13. Ne1 Ne7 14. Bf3 Qd7 15.
Kh1 Nec6 16. Ng2 Be7 17. Ne3 h5 18. Be2 Kb8 19. f4 g6 20. Qg2 Nb3 21. Nxb3 Bxb3
22. Bd2 Na5 23. Rae1 Ba4 24. Qf2 Nb3 25. Bf3 Bc6 26. Nc2 a5 27. Be3 Ka8 28. Kg2
b5 29. h3 Rh7 30. Rh1 Rdh8 31. Rh2 Qb7 32. Reh1 b4 33. axb4 axb4 34. g4 hxg4
35. hxg4 Rxh2+ 36. Rxh2 Rxh2+ 37. Kxh2 bxc3 38. bxc3 Qa7 39. Bg2 Qa5 40. f5
gxf5 41. gxf5 Bd7 42. Qg3 Qd8 43. f6 Qh8+ 44. Kg1 Bf8 45. Qg4 Bh6 46. Bxh6 Qxh6
47. Qg8+ Kb7 48. Qxf7 Qc1+ 49. Kh2 Qh6+ 50. Kg3 Qg5+ 51. Kh3 Qf5+ 52. Kh4 Qf4+
53. Kh5 Qh2+ 54. Kg5 Qxg2+ 55. Kh6 Kc7 56. Nb4 Qh3+ 57. Kg7 Qg3+ 58. Kf8 Qxc3
59. Nxd5+ exd5 60. e6 Qb4+ 61. Kg8 Qb8+ 62. Kg7 Qd8 63. e7 Qa8 64. Qf8 Qa7 65.
Qd8+ Kc6 66. f7 Qxd4+ 67. Kg8 Qg1+ 68. Kf8 Qg6 69. Qa8+ Kc7 70. Qa7+ Kd6 71.
Qb6+ Bc6 72. Qb8+ Kc5 73. Qa7+ Kd6 74. Qb8+ Kc5 75. Qe5 Nd4 76. e8=Q Bxe8 77.
fxe8=Q Qxe8+ 78. Kxe8 c3 79. Kd7 c2 80. Qc7+ Kb4 81. Qb6+ Kc3 82. Qc5+ Kb3 83.
Qxd5+ Kb2 84. Qxd4+ Kb1 85. Qd3 Kb2 86. Qd2 Kb1 87. Qb4+ Ka2 88. Qa4+ Kb2 89.
Qb4+ Ka2 90. Qe1 Kb2 91. Qb4+ Ka2 92. Qc3 Kb1 93. Qb3+ Ka1 1/2-1/2

[Event "Annex CC Summer Swiss"]
[Site "Toronto CAN"]
[Date "2016.07.25"]
[Round "5"]
[White "Hanratty, Brian"]
[Black "Abbarin, Shabnam"]
[Result "1/2-1/2"]
[WhiteElo "1421"]
[BlackElo "1581"]
[PlyCount "83"]
[EventDate "2016.06.27"]
[EventType "swiss"]
[EventRounds "5"]
[EventCountry "CAN"]

1. e4 c5 2. Nf3 d6 3. d4 cxd4 4. Nxd4 Nf6 5. Nc3 a6 6. Bg5 e6 7. f4 Be7 8. Qd2
b5 9. a3 Bb7 10. Bd3 Nc6 11. Nxc6 Bxc6 12. Rg1 Qb6 13. O-O-O Qb7 14. g4 b4 15.
axb4 Qxb4 16. e5 dxe5 17. fxe5 Rb8 18. b3 Nd5 19. Nxd5 Qa3+ 20. Kb1 Bxd5 21.
Bxe7 Qxe7 22. Bxa6 Bxb3 23. cxb3 Rxb3+ 24. Kc2 Ra3 25. Bc4 O-O 26. Qd6 Qa7 27.
Rg3 Rxg3 28. hxg3 Qf2+ 29. Rd2 Qxg3 30. Bb5 g6 31. Qd4 Qa3 32. Rd3 Rc8+ 33. Rc3
Qa2+ 34. Kd3 Qb1+ 35. Kd2 Qb2+ 36. Kd3 Rxc3+ 37. Qxc3 Qxb5+ 38. Ke3 Qd5 39. Qc7
Qb3+ 40. Kf4 Qa4+ 41. Kg5 Qe4 42. Qd8+ 1/2-1/2

[Event "Annex CC-ch"]
[Site "Toronto CAN"]
[Date "2016.03.14"]
[Round "5"]
[White "Humphreys, Michael"]
[Black "Ferreira, Alex"]
[Result "1-0"]
[WhiteElo "2361"]
[BlackElo "2122"]
[PlyCount "129"]
[EventDate "2016.??.??"]
[EventCountry "CAN"]

1. Nf3 d5 2. c4 dxc4 3. e3 Nf6 4. Bxc4 e6 5. O-O a6 6. Qe2 c5 7. Rd1 Be7 8. d4
cxd4 9. exd4 b5 10. Bb3 Bb7 11. Nc3 Nd5 12. Ne4 O-O 13. Rd3 b4 14. Ne5 Nd7 15.
Rh3 Rc8 16. Nxd7 Rxc1+ 17. Rxc1 Nf4 18. Qg4 Nxh3+ 19. Qxh3 Qxd7 20. Nc5 Bxc5
21. dxc5 Rc8 22. Qg4 a5 23. h4 Bd5 24. Qd4 Qc6 25. Bxd5 exd5 26. Qe5 Kf8 27.
Rd1 Rd8 28. Qg5 f6 29. Qf5 g6 30. Qf4 Kg7 31. Qd4 Qe6 32. a3 bxa3 33. bxa3 Qc6
34. Rb1 Qe6 35. g3 Rd7 36. h5 gxh5 37. Rb6 Qe5 38. Qxe5 fxe5 39. c6 Rd8 40. Rb5
a4 41. c7 Rc8 42. Rxd5 Rxc7 43. Rxe5 Rc3 44. Re3 Rb3 45. Kg2 Kf6 46. Kh3 Kf5
47. Kg2 Kg5 48. Re5+ Kf6 49. Re3 Kg5 50. Re5+ Kf6 51. Rxh5 Kg6 52. Ra5 Rxa3 53.
f4 Kh6 54. Kh3 Ra1 55. Kg4 Ra3 56. Ra6+ Kg7 57. Kh4 Kf7 58. g4 Ra1 59. Kg5 a3
60. Ra7+ Ke8 61. Rxh7 a2 62. Ra7 Kf8 63. Kf6 Kg8 64. g5 Kh8 65. g6 1-0

[Event "Annex CC-ch"]
[Site "Toronto CAN"]
[Date "2016.03.21"]
[Round "6"]
[White "Siddeley, Hugh"]
[Black "Li, William"]
[Result "0-1"]
[WhiteElo "2085"]
[BlackElo "2089"]
[PlyCount "76"]
[EventDate "2016.??.??"]
[EventCountry "CAN"]

1. d4 Nf6 2. c4 e6 3. Nc3 Bb4 4. Nf3 b6 5. Bg5 O-O 6. e3 h6 7. Bh4 g5 8. Bg3
Ne4 9. Qc2 Bb7 10. Bd3 f5 11. a3 Bxc3+ 12. bxc3 d6 13. h3 Nd7 14. O-O Ndf6 15.
Bh2 g4 16. hxg4 Nxg4 17. Bf4 Qf6 18. Nh2 Nxh2 19. Bxh2 Qg5 20. Bf4 Qg7 21. f3
Ng5 22. Kf2 e5 23. Bh2 f4 24. exf4 exf4 25. Rae1 Qf6 26. Re2 Kh8 27. Rfe1 Rg8
28. Kf1 Bxf3 29. gxf3 Nxf3 30. Re7 Rg7 31. Re8+ Rg8 32. Rxa8 Rxa8 33. Re2 Rg8
34. Be4 Nh4 35. Rf2 f3 36. Qd3 Rf8 37. Bg3 Qg5 38. Bxh4 Qc1+ 0-1

[Event "Arnprior op"]
[Site "Arnprior CAN"]
[Date "2016.04.29"]
[Round "1"]
[White "Carroll, Billy"]
[Black "Dunn, David"]
[Result "1/2-1/2"]
[WhiteElo "1375"]
[BlackElo "2091"]
[PlyCount "72"]
[EventDate "2016.05.07"]
[EventType "swiss"]
[EventRounds "5"]
[EventCountry "CAN"]

1. e4 e5 2. Bc4 Nf6 3. d3 c6 4. Nf3 d5 5. exd5 cxd5 6. Bb5+ Bd7 7. Bxd7+ Nbxd7
8. O-O h6 9. Re1 Bd6 10. Nc3 O-O 11. Nh4 Re8 12. Nf5 Bf8 13. Qf3 d4 14. Ne4
Nxe4 15. Qxe4 Qb6 16. Qg4 Qg6 17. Nxh6+ gxh6 18. Qxd7 e4 19. Bd2 e3 20. fxe3
dxe3 21. Bxe3 Rad8 22. Qh3 Kh7 23. Bd2 Bc5+ 24. Kh1 Rg8 25. Re5 Bd4 26. Bxh6
Qxg2+ 27. Qxg2 Rxg2 28. Rg5 Rxc2 29. Rh5 Kg6 30. Rh3 Rh8 31. Rf1 f6 32. Rf4
Rc1+ 33. Kg2 Rg1+ 34. Kf3 Rf1+ 35. Kg2 Rg1+ 36. Kf3 Rf1+ 1/2-1/2

[Event "Arnprior op"]
[Site "Arnprior CAN"]
[Date "2016.04.30"]
[Round "2"]
[White "Kellar, Ben"]
[Black "De Kerpel, Stijn"]
[Result "1-0"]
[WhiteElo "2060"]
[BlackElo "2178"]
[PlyCount "89"]
[EventDate "2016.05.07"]
[EventType "swiss"]
[EventRounds "5"]
[EventCountry "CAN"]

1. Nf3 e6 2. d4 f5 3. c4 Nf6 4. g3 d5 5. b3 c6 6. Bg2 Bd6 7. O-O Qe7 8. Bb2 a5
9. a3 b6 10. Nc3 O-O 11. Re1 Nbd7 12. Nd2 Ba6 13. f4 Rac8 14. e3 Ne4 15. Ndxe4
fxe4 16. Kh1 Nf6 17. Rg1 Bb7 18. Bh3 Rcd8 19. g4 c5 20. g5 Ne8 21. Nb5 Bb8 22.
cxd5 exd5 23. f5 Nd6 24. f6 Qe8 25. Nxd6 Rxd6 26. Bf5 g6 27. Bg4 Kf7 28. Qe1
Rh8 29. dxc5 bxc5 30. Qxa5 Rc6 31. Rac1 Bd6 32. Be2 Qa8 33. Qd2 Rb6 34. Bd1 h6
35. h4 hxg5 36. h5 g4 37. Bxg4 d4 38. Qg2 Rxb3 39. Bd1 Rxe3 40. Qxg6+ Ke6 41.
f7+ Kd5 42. Rg5+ Be5 43. Bg4 Qa6 44. Rxe5+ Kxe5 45. Qf5+ 1-0

[Event "Arnprior op"]
[Site "Arnprior CAN"]
[Date "2016.04.30"]
[Round "2"]
[White "Langer, Herb"]
[Black "Carroll, Billy"]
[Result "1/2-1/2"]
[WhiteElo "1724"]
[BlackElo "1375"]
[PlyCount "102"]
[EventDate "2016.05.07"]
[EventType "swiss"]
[EventRounds "5"]
[EventCountry "CAN"]

1. c4 e5 2. g3 c6 3. Bg2 d5 4. cxd5 cxd5 5. d4 e4 6. Nc3 Nf6 7. Bg5 Bb4 8. e3
Qa5 9. Qb3 Nc6 10. Nge2 Ng4 11. O-O f6 12. h3 fxg5 13. hxg4 Bxg4 14. f3 exf3
15. Bxf3 Bxf3 16. Rxf3 O-O-O 17. Rf7 Rd7 18. Raf1 Qd8 19. a3 Bxc3 20. Nxc3 Qc7
21. Rf8+ Rxf8 22. Rxf8+ Rd8 23. Rxd8+ Nxd8 24. Kg2 Qf7 25. Qxd5 Qxd5+ 26. Nxd5
Kd7 27. Kf3 Kd6 28. Nb4 a5 29. Nd3 Ne6 30. Ke4 g6 31. Ne5 b5 32. b4 axb4 33.
axb4 g4 34. Nxg4 Ng5+ 35. Kd3 Kd5 36. Nf6+ Ke6 37. Ne4 Nf3 38. Nc3 Ne1+ 39. Ke4
Nc2 40. d5+ Kf6 41. Nxb5 Nxb4 42. Nd4 h5 43. d6 g5 44. Kf3 h4 45. gxh4 gxh4 46.
Kg4 Nd5 47. e4 Ke5 48. Kxh4 Kxd6 49. Nf3 Nf6 50. e5+ Ke6 51. Kg5 Nd7 1/2-1/2

[Event "Arnprior op"]
[Site "Arnprior CAN"]
[Date "2016.04.30"]
[Round "3"]
[White "De Kerpel, Stijn"]
[Black "Carroll, Billy"]
[Result "1-0"]
[WhiteElo "2178"]
[BlackElo "1375"]
[PlyCount "51"]
[EventDate "2016.05.07"]
[EventType "swiss"]
[EventRounds "5"]
[EventCountry "CAN"]

1. c4 e5 2. g3 c6 3. d4 e4 4. Nc3 Nf6 5. Bg2 d5 6. cxd5 cxd5 7. Nh3 h6 8. O-O
Bd6 9. Nf4 Bxf4 10. Bxf4 Nh5 11. Bxb8 Rxb8 12. Qa4+ b5 13. Qxa7 Rb7 14. Qc5 b4
15. Nxd5 f5 16. f3 Be6 17. fxe4 fxe4 18. Bxe4 Rf7 19. Nxb4 Rxf1+ 20. Rxf1 Nf6
21. Bg6+ Bf7 22. Nc6 Qc7 23. Ne5 Qxc5 24. Bxf7+ Ke7 25. dxc5 Rc8 26. b4 1-0

[Event "Aurora CC Nearly Freezing"]
[Site "Aurora CAN"]
[Date "2016.12.05"]
[Round "4"]
[White "Pishdad, Hassan"]
[Black "Wang, Daniel"]
[Result "1-0"]
[WhiteElo "1034"]
[BlackElo "853"]
[PlyCount "129"]
[EventDate "2016.11.14"]
[EventType "swiss"]
[EventRounds "5"]
[EventCountry "CAN"]

1. d4 d5 2. c4 c6 3. cxd5 cxd5 4. Nf3 Nf6 5. Bg5 Nc6 6. Bxf6 exf6 7. a3 Bf5 8.
e3 Bd6 9. Nc3 O-O 10. Nxd5 Qa5+ 11. Nc3 Bg4 12. Be2 Bxf3 13. Bxf3 Rfe8 14. O-O
Qc7 15. g3 Na5 16. Nd5 Qd7 17. Rc1 Rec8 18. Qd3 Rxc1 19. Rxc1 Rc8 20. Rxc8+
Qxc8 21. b4 Nc4 22. Be4 h6 23. Qb3 Nd2 24. Qc2 Qxc2 25. Bxc2 b5 26. a4 bxa4 27.
Bxa4 a6 28. Kg2 Kh7 29. f4 Kg6 30. b5 axb5 31. Bxb5 f5 32. Bd3 Ne4 33. Kf3 Nd2+
34. Kg2 Ne4 35. Nb6 Kh5 36. Nc4 Be7 37. Ne5 f6 38. Nf3 g5 39. Be2 g4 40. Nh4
Nd6 41. Bd3 Bf8 42. Bxf5 Nxf5 43. Nxf5 Kg6 44. Nh4+ Kh5 45. Kf2 Ba3 46. Ng2 Kg6
47. e4 Kf7 48. Ne3 h5 49. Nf5 Bc1 50. Ke2 Bb2 51. d5 Ba3 52. Nd4 Bb2 53. Nc6
Ba3 54. f5 Bf8 55. Ke3 Bh6+ 56. Kd4 Kg7 57. d6 Kf7 58. Kd5 Ke8 59. Ke6 Bg5 60.
d7+ Kf8 61. d8=Q+ Kg7 62. Ne7 Kh6 63. Qf8+ Kh7 64. Qg8+ Kh6 65. Qg6# 1-0

[Event "Aurora CC Subzero 7 weeker"]
[Site "Aurora CAN"]
[Date "2016.01.18"]
[Round "2"]
[White "Prost, Bernie"]
[Black "Pishdad, Hassan"]
[Result "1-0"]
[WhiteElo "1585"]
[BlackElo "1211"]
[PlyCount "83"]
[EventDate "2016.01.11"]
[EventType "swiss"]
[EventRounds "7"]
[EventCountry "CAN"]

1. e4 c5 2. Nc3 e6 3. f4 d5 4. Bb5+ Nc6 5. Bxc6+ bxc6 6. d3 Ne7 7. Nf3 d4 8.
Ne2 Ng6 9. O-O Be7 10. Qe1 O-O 11. Bd2 f5 12. e5 Rf7 13. Qg3 Bf8 14. h4 Be7 15.
Ng5 Bxg5 16. hxg5 Ne7 17. Kf2 g6 18. Rh1 a6 19. Rh6 Ra7 20. Rah1 Nd5 21. a3 Qb6
22. Bc1 a5 23. b3 a4 24. bxa4 Rxa4 25. Qh3 Raa7 26. Ng3 Qb1 27. Rxg6+ Kh8 28.
Rf6 Qxc2+ 29. Ne2 Nxf6 30. exf6 Ba6 31. g6 Rxf6 32. Qh4 Rxg6 33. Qd8+ Kg7 34.
Qb6 Rxg2+ 35. Kxg2 Qxe2+ 36. Kg1 Qg4+ 37. Kf2 Kf6 38. Qxa7 Bxd3 39. Rh6+ Qg6
40. Rxg6+ Kxg6 41. Qxc5 Be4 42. Qxd4 1-0

[Event "Aurora CC Subzero 7 weeker"]
[Site "Aurora CAN"]
[Date "2016.01.25"]
[Round "3"]
[White "Pishdad, Hassan"]
[Black "Ruan, Colin"]
[Result "0-1"]
[WhiteElo "1121"]
[BlackElo "1540"]
[PlyCount "112"]
[EventDate "2016.01.11"]
[EventType "swiss"]
[EventRounds "7"]
[EventCountry "CAN"]

1. d4 f5 2. Bf4 e6 3. Nf3 Nf6 4. c4 d6 5. Nc3 Be7 6. h3 O-O 7. e3 Nbd7 8. Be2
b6 9. Ng5 Nb8 10. Bf3 d5 11. cxd5 Nxd5 12. Bxd5 exd5 13. Nf3 Nc6 14. a3 Ba6 15.
Qa4 Bb7 16. O-O Na5 17. Qc2 Nc4 18. b3 Nd6 19. Ne2 Ne4 20. Qxc7 Qxc7 21. Bxc7
Rac8 22. Rfc1 Ba6 23. Nc3 Rxc7 24. Nxd5 Rxc1+ 25. Rxc1 Bf6 26. Rc7 Rf7 27. Rc1
Bb7 28. Nf4 Be7 29. b4 Bd6 30. Nd3 Rc7 31. Rxc7 Bxc7 32. Nfe1 Ba6 33. f4 Nf6
34. Kf2 Kf7 35. g3 g5 36. g4 Ne4+ 37. Kf3 gxf4 38. exf4 Ke6 39. Ke2 Kd5 40. Kf3
Kc4 41. a4 Bb7 42. Ke2 Nc3+ 43. Kf2 Nxa4 44. Kg3 Be4 45. Ne5+ Kxb4 46. Ng2 Bxe5
47. fxe5 Nc5 48. Nf4 a5 49. e6 Nxe6 50. Nxe6 a4 51. Ng5 a3 52. Nxe4 fxe4 53. d5
a2 54. Kf4 a1=Q 55. Kxe4 Kc5 56. h4 Qd1 0-1

[Event "Aurora CC Subzero 7 weeker"]
[Site "Aurora CAN"]
[Date "2016.02.08"]
[Round "5"]
[White "Pishdad, Hassan"]
[Black "Putsovyi, Yaroslav"]
[Result "0-1"]
[WhiteElo "1211"]
[BlackElo "1499"]
[PlyCount "82"]
[EventDate "2016.01.11"]
[EventType "swiss"]
[EventRounds "7"]
[EventCountry "CAN"]

1. d4 e6 2. c4 f5 3. Nf3 Nf6 4. e3 Be7 5. Bd3 O-O 6. O-O d6 7. Nc3 a5 8. e4
fxe4 9. Nxe4 Nc6 10. a3 e5 11. d5 Nb8 12. Qc2 h6 13. Nxf6+ Rxf6 14. Be4 Qf8 15.
Nh4 g5 16. Ng6 Qf7 17. Bxg5 hxg5 18. Qd3 Kg7 19. Nxe7 Qxe7 20. Qe3 Rh6 21. Rac1
Qf6 22. g3 Bf5 23. Bxf5 Qxf5 24. f3 Nd7 25. Rf2 Nc5 26. g4 Qg6 27. Rcc2 Nd3 28.
Rg2 Nf4 29. Rgd2 Rf8 30. c5 Nh3+ 31. Kf1 e4 32. cxd6 Rxf3+ 33. Qxf3 exf3 34.
Rxc7+ Kf6 35. Re7 Nf4 36. Rf2 Qd3+ 37. Ke1 Ng2+ 38. Rxg2 fxg2 39. Re6+ Kf7 40.
Kf2 Qf1+ 41. Kg3 g1=Q# 0-1

[Event "Aurora CC-ch"]
[Site "Toronto CAN"]
[Date "2016.04.11"]
[Round "1"]
[White "MacKenzie Waite, Taylor"]
[Black "Pishdad, Hassan"]
[Result "1/2-1/2"]
[WhiteElo "847"]
[BlackElo "1109"]
[PlyCount "50"]
[EventDate "2016.04.11"]
[EventType "swiss"]
[EventRounds "9"]
[EventCountry "CAN"]

1. d4 Nf6 2. c4 e6 3. Nf3 d5 4. cxd5 Nxd5 5. e4 Nf6 6. Nc3 Bb4 7. Bg5 Be7 8.
Bc4 c6 9. O-O O-O 10. Qe2 h6 11. Bxf6 Bxf6 12. Rfd1 b5 13. Bb3 Bb7 14. d5 Bxc3
15. bxc3 exd5 16. exd5 c5 17. c4 a6 18. h3 Nd7 19. Qd3 b4 20. Re1 Nf6 21. Rad1
Qd6 22. Re3 Rfe8 23. Rde1 Rxe3 24. Rxe3 Re8 25. Rxe8+ Nxe8 1/2-1/2

[Event "Aurora CC-ch"]
[Site "Toronto CAN"]
[Date "2016.05.02"]
[Round "4"]
[White "Pishdad, Hassan"]
[Black "Wright, Eric"]
[Result "0-1"]
[WhiteElo "1109"]
[BlackElo "938"]
[PlyCount "74"]
[EventDate "2016.04.11"]
[EventType "swiss"]
[EventRounds "9"]
[EventCountry "CAN"]

1. d4 d5 2. c4 Bf5 3. Nc3 e6 4. cxd5 exd5 5. e3 Nc6 6. a3 Nf6 7. Bb5 Qd7 8.
Nge2 a6 9. Bd3 Bxd3 10. Qxd3 Bd6 11. h3 O-O 12. O-O Na5 13. Ng3 Bxg3 14. fxg3
Qd6 15. Ne2 Ne4 16. g4 Rae8 17. b3 b5 18. Bd2 Nxd2 19. Qxd2 Nxb3 20. Qc3 Nxa1
21. Rxa1 f5 22. gxf5 Rxf5 23. Nf4 g5 24. Qd3 Ref8 25. g4 Rxf4 26. exf4 Qxf4 27.
Rf1 Qxf1+ 28. Qxf1 Rxf1+ 29. Kxf1 a5 30. Ke2 Kf7 31. Kd3 Ke6 32. Kc3 Kd6 33.
Kd3 c5 34. dxc5+ Kxc5 35. Kc3 b4+ 36. axb4+ axb4+ 37. Kd3 d4 0-1

[Event "Aurora CC-ch"]
[Site "Toronto CAN"]
[Date "2016.05.16"]
[Round "6"]
[White "Xing, Blair"]
[Black "Pishdad, Hassan"]
[Result "0-1"]
[WhiteElo "585"]
[BlackElo "1109"]
[PlyCount "38"]
[EventDate "2016.04.11"]
[EventType "swiss"]
[EventRounds "9"]
[EventCountry "CAN"]

1. e4 c5 2. Nf3 e6 3. Nc3 d5 4. exd5 exd5 5. Bb5+ Nc6 6. Qe2+ Be7 7. O-O a6 8.
Ba4 b5 9. Ne5 Bb7 10. Nd3 Qd6 11. g3 bxa4 12. Nxa4 Nd4 13. Qg4 Ne6 14. Qf3 Nf6
15. c4 Nd4 16. Qg2 Qc6 17. b3 O-O 18. Bb2 dxc4 19. Ne5 Qxg2# 0-1

[Event "Automne-A"]
[Site "Gatineau CAN"]
[Date "2016.10.25"]
[Round "1"]
[White "Bastien, Andre"]
[Black "Piche, Guy"]
[Result "0-1"]
[WhiteElo "1864"]
[BlackElo "1607"]
[PlyCount "96"]
[EventDate "2016.10.25"]
[EventType "swiss"]
[EventRounds "5"]
[EventCountry "CAN"]

1. d4 e6 2. c4 f5 3. e4 g6 4. Nc3 Bg7 5. Nf3 b6 6. Be2 fxe4 7. Nxe4 Bb7 8. Qc2
Nf6 9. Nxf6+ Qxf6 10. Bg5 Qf7 11. O-O-O O-O 12. h4 Nc6 13. a3 Qf5 14. Bd3 Qg4
15. Rh2 Nxd4 16. Nxd4 Bxd4 17. f3 Qg3 18. Rh3 Qf2 19. Qxf2 Bxf2 20. Bh6 Rf7 21.
h5 gxh5 22. Rxh5 Kh8 23. Bd2 d6 24. Bc3+ e5 25. Bd2 Re8 26. Bg6 Ree7 27. Rdh1
Rg7 28. Bg5 Be3+ 29. Bxe3 Rxg6 30. Bg5 Rf7 31. R1h3 Kg8 32. Bd2 Rxg2 33. f4 Be4
34. b3 exf4 35. R5h4 Rg1+ 36. Kb2 Bg2 37. Rh2 f3 38. Be3 f2 39. Rg4+ Kf8 40.
Bxf2 Rxf2+ 41. Kc3 Rf3+ 42. Kd2 Rxb3 43. Rxh7 Rxa3 44. Kc2 Re3 45. Kd2 Ra3 46.
Rxc7 Rga1 47. Rgg7 R1a2+ 48. Kc1 Rf3 0-1

[Event "Automne-A"]
[Site "Gatineau CAN"]
[Date "2016.10.25"]
[Round "1"]
[White "Bilodeau, Victor"]
[Black "Jobin, Gilles G"]
[Result "0-1"]
[WhiteElo "1600"]
[BlackElo "1792"]
[PlyCount "70"]
[EventDate "2016.10.25"]
[EventType "swiss"]
[EventRounds "5"]
[EventCountry "CAN"]

1. d4 d6 2. e4 Nf6 3. f3 Nbd7 4. Bc4 e5 5. c3 Be7 6. Ne2 c6 7. Qb3 O-O 8. O-O
b5 9. Bd3 Nb6 10. Rd1 Qc7 11. Be3 a5 12. Ng3 a4 13. Qc2 Be6 14. Qf2 Nc4 15.
Bxc4 bxc4 16. dxe5 dxe5 17. Nd2 a3 18. bxa3 Rxa3 19. Rdc1 Qa5 20. Bb6 Qa6 21.
Rc2 Nd7 22. Be3 Ra8 23. Nb1 Ra5 24. Nf5 Bxf5 25. exf5 f6 26. Nd2 Nc5 27. Qe2
Nd3 28. Nxc4 Qxc4 29. Rd1 Rd5 30. Rb1 Bc5 31. Bxc5 Qxc5+ 32. Kf1 Nf4 33. Qe4
Rad8 34. Rcc1 Rd2 35. Qe1 Rxg2 0-1

[Event "Automne-A"]
[Site "Gatineau CAN"]
[Date "2016.10.25"]
[Round "1"]
[White "Danilov, Alex"]
[Black "Masse-Garneau, Anthony"]
[Result "1-0"]
[WhiteElo "1784"]
[BlackElo "1355"]
[PlyCount "67"]
[EventDate "2016.10.25"]
[EventType "swiss"]
[EventRounds "5"]
[EventCountry "CAN"]

1. Nf3 d5 2. c4 c6 3. e3 Nf6 4. Nc3 e6 5. Qc2 Nbd7 6. b3 Bb4 7. Bb2 O-O 8. Rg1
Qc7 9. g4 Ne5 10. Nxe5 Qxe5 11. f4 Qd6 12. a3 Bxc3 13. Qxc3 Ne8 14. a4 f6 15.
Ba3 c5 16. cxd5 Qxd5 17. Bg2 Qd7 18. Qxc5 Rf7 19. Rc1 b6 20. Qc4 Rb8 21. Bc6
Qd8 22. f5 Nd6 23. Qd4 Nb7 24. Qxd8+ Nxd8 25. Be8 Rfb7 26. Bd6 Ra8 27. e4 exf5
28. gxf5 Bd7 29. Bh5 Nf7 30. Be7 Ng5 31. e5 Bxf5 32. exf6 gxf6 33. Bxf6 h6 34.
h4 1-0

[Event "Automne-A"]
[Site "Gatineau CAN"]
[Date "2016.10.25"]
[Round "1"]
[White "Desjardins, Michel"]
[Black "Scantland, Patrick"]
[Result "1-0"]
[WhiteElo "1959"]
[BlackElo "1749"]
[PlyCount "85"]
[EventDate "2016.10.25"]
[EventType "swiss"]
[EventRounds "5"]
[EventCountry "CAN"]

1. e4 b6 2. d4 e6 3. Bd3 Bb7 4. Nc3 Bb4 5. Nge2 Nf6 6. O-O O-O 7. a3 Be7 8. Ng3
d6 9. e5 dxe5 10. dxe5 Nd5 11. Nce4 Nd7 12. c4 f5 13. exf6 N5xf6 14. Qe2 Ne5
15. Bc2 Qd4 16. Ng5 Bc8 17. Nf3 Nxf3+ 18. Qxf3 Rb8 19. Qd3 Bc5 20. Qxd4 Bxd4
21. Ne2 Be5 22. f4 Bd6 23. b4 c5 24. b5 Bb7 25. Nc3 e5 26. Bf5 Rfe8 27. Be3
Rbd8 28. Rad1 Bc7 29. fxe5 Rxd1 30. Rxd1 Bxe5 31. Nd5 Nxd5 32. cxd5 Bxh2+ 33.
Kxh2 Rxe3 34. d6 Re8 35. Bd7 Rd8 36. Bc6 Ba8 37. d7 a6 38. Bxa8 axb5 39. Bc6 b4
40. axb4 cxb4 41. Rd4 Kf8 42. Rxb4 Rb8 43. Re4 1-0